[Event "Championnat de France Cadet"]
[Site "CALVI"]
[Date "????.??.??"]
[Round "3.4"]
[White "Achereiner, Guillaume"]
[Black "Chau, Olivier"]
[Result "1/2-1/2"]
[WhiteElo "2036"]
[BlackElo "2186"]
[PlyCount "44"]
[EventDate "2005.??.??"]
[SourceDate "2005.04.17"]

1. d4 Nf6 2. Nc3 d5 3. e4 Nxe4 4. Nxe4 dxe4 5. f3 e3 6. Bxe3 e6 7. Bd3 Be7 8.
Ne2 Nd7 9. O-O O-O 10. c3 e5 11. Qc2 h6 12. Rad1 exd4 13. Nxd4 Bc5 14. Rfe1 Qf6
15. Bf2 Ne5 16. Be4 c6 17. Bh7+ Kh8 18. Qe4 Ng6 19. Bxg6 fxg6 20. Qe5 Qxe5 21.
Rxe5 Bd6 22. Re2 Bc5 1/2-1/2

[Event "Championnat de France Cadet"]
[Site "CALVI"]
[Date "????.??.??"]
[Round "3.5"]
[White "Platel, Alexandre"]
[Black "Bouhana, Paul-Alexandre"]
[Result "1/2-1/2"]
[WhiteElo "2149"]
[BlackElo "1994"]
[PlyCount "45"]
[EventDate "2005.??.??"]
[SourceDate "2005.04.17"]

1. e4 e5 2. Nf3 Nc6 3. d4 exd4 4. Nxd4 Qh4 5. Nc3 Bb4 6. Be2 Nf6 7. O-O Bxc3 8.
bxc3 Nxd4 9. cxd4 Nxe4 10. Bd3 d5 11. g3 Qf6 12. Ba3 Bd7 13. c4 O-O-O 14. Rc1
Qxd4 15. cxd5 Qxd5 16. Qf3 Nf6 17. Qf4 Bc6 18. Rxc6 Qxc6 19. Bf5+ Kb8 20. Rc1
Qb6 21. Bc5 Qa5 22. Bb4 Qb6 23. Bc5 1/2-1/2

[Event "Championnat de France Cadet"]
[Site "CALVI"]
[Date "????.??.??"]
[Round "3.6"]
[White "Nass, Emile"]
[Black "Entem, Alan"]
[Result "0-1"]
[WhiteElo "1987"]
[BlackElo "2088"]
[PlyCount "128"]
[EventDate "2005.??.??"]
[SourceDate "2005.04.17"]

1. d4 g6 2. c4 Bg7 3. Nf3 c5 4. d5 d6 5. e4 Nf6 6. Nc3 O-O 7. Be2 e6 8. O-O Re8
9. Re1 exd5 10. exd5 Na6 11. h3 Nc7 12. Bf4 Rb8 13. Bd3 Rxe1+ 14. Qxe1 b5 15.
Qe2 bxc4 16. Bxc4 Bb7 17. Rd1 Qd7 18. Qd3 Ba8 19. b3 Nh5 20. Bh2 Nf6 21. Ng5
Rb6 22. Na4 Rb4 23. Nc3 a6 24. Bxa6 Rd4 25. Qe2 h6 26. Nf3 Rxd1+ 27. Nxd1 Nfxd5
28. Bc4 Kh7 29. Qd3 Bf8 30. a3 Qc6 31. Ne3 Nxe3 32. fxe3 Ne6 33. Bxe6 fxe6 34.
Nh4 Qe4 35. Qxe4 Bxe4 36. Nf3 Kg7 37. Kf2 Kf6 38. Ke2 Ke7 39. g4 Bg7 40. Nd2
Bc2 41. Nc4 d5 42. Ne5 Bxb3 43. Nxg6+ Ke8 44. Be5 Bxe5 45. Nxe5 Ke7 46. Kd3 Ba4
47. h4 Kf6 48. Nf3 e5 49. g5+ hxg5 50. Nxg5 Bb5+ 51. Kd2 Be8 52. Kd3 Bb5+ 53.
Kd2 Kf5 54. Kc3 d4+ 55. Kd2 c4 56. exd4 exd4 57. Kc2 Ba4+ 58. Kd2 Be8 59. Nf3
Ke4 60. Ng5+ Kd5 61. Nf3 c3+ 62. Kc1 d3 63. Ng5 d2+ 64. Kc2 Ba4+ 0-1

[Event "Championnat de France Cadet"]
[Site "CALVI"]
[Date "????.??.??"]
[Round "3.7"]
[White "Soyez, Cyril"]
[Black "Miqueu, Eric"]
[Result "1/2-1/2"]
[WhiteElo "2189"]
[BlackElo "2037"]
[PlyCount "60"]
[EventDate "2005.??.??"]
[SourceDate "2005.04.17"]

1. c4 e6 2. Nf3 Nf6 3. g3 d5 4. b3 Be7 5. Bg2 O-O 6. O-O b6 7. Bb2 Bb7 8. d3 c5
9. Nbd2 Nc6 10. e4 Qc7 11. e5 Ng4 12. Qe2 dxc4 13. dxc4 Nh6 14. Ne4 Rfd8 15.
Rad1 Nf5 16. g4 Nfd4 17. Nxd4 Nxd4 18. Bxd4 Rxd4 19. Rxd4 cxd4 20. f4 Rd8 21.
Rf3 Bxe4 22. Qxe4 Qc5 23. Rd3 Qa3 24. Bf1 Qxa2 25. Rh3 g6 26. f5 Bg5 27. fxe6
fxe6 28. Rf3 Rf8 29. Rxf8+ Kxf8 30. Qxd4 Qd2 1/2-1/2

[Event "Championnat de France Cadet"]
[Site "CALVI"]
[Date "????.??.??"]
[Round "3.8"]
[White "Le Gros, Cedric"]
[Black "Fischer, Marc"]
[Result "1-0"]
[WhiteElo "2030"]
[BlackElo "2129"]
[PlyCount "97"]
[EventDate "2005.??.??"]
[SourceDate "2005.04.17"]

1. e4 e6 2. d4 d5 3. exd5 exd5 4. Be3 Nc6 5. Nf3 Bd6 6. Be2 Nge7 7. O-O h6 8.
c4 dxc4 9. Bxc4 O-O 10. Nc3 Bg4 11. h3 Bf5 12. Bd3 Qd7 13. Bxf5 Nxf5 14. Qd2
Rfe8 15. Rfe1 Rad8 16. g4 Nfe7 17. Bxh6 gxh6 18. Qxh6 Ng6 19. Ne4 Rxe4 20. Rxe4
Bf8 21. Qh5 Bg7 22. Ne5 Ncxe5 23. dxe5 Qe6 24. Rae1 Rd2 25. b3 Rxa2 26. R1e3
Ra1+ 27. Kh2 Ra2 28. Kg3 Ra3 29. Qf5 Qxf5 30. gxf5 Nxe5 31. Rxe5 Bxe5+ 32. Rxe5
Rxb3+ 33. Kg4 Kg7 34. h4 b5 35. Rc5 a5 36. Kg5 Rb1 37. f6+ Kg8 38. Rxc7 Rg1+
39. Kf5 a4 40. Rc8+ Kh7 41. Rf8 Rg2 42. f4 b4 43. Rxf7+ Kh8 44. Ra7 a3 45. h5
Rg8 46. f7 Rf8 47. h6 b3 48. Rxa3 b2 49. Rb3 1-0

[Event "Championnat de France Cadet"]
[Site "CALVI"]
[Date "????.??.??"]
[Round "3.9"]
[White "Garro, Pierre"]
[Black "Jouet-Pastre, Alban"]
[Result "1-0"]
[WhiteElo "2124"]
[BlackElo "2016"]
[PlyCount "53"]
[EventDate "2005.??.??"]
[SourceDate "2005.04.17"]

1. e4 c5 2. Nf3 Nc6 3. d4 cxd4 4. Nxd4 e5 5. Nb5 d6 6. c4 Be7 7. N1c3 a6 8. Na3
f5 9. Bd3 f4 10. g3 Nf6 11. Nd5 O-O 12. gxf4 exf4 13. Nxf4 Ng4 14. Rg1 Nce5 15.
Be2 Nxf2 16. Kxf2 Ng6 17. Qd5+ Kh8 18. Rxg6 hxg6 19. Kg2 Rf6 20. Be3 Bd7 21.
Qg5 Bc6 22. Bf3 Qe8 23. Bd4 Qf7 24. Bxf6 Qxf6 25. Qxf6 Bxf6 26. Rb1 Re8 27. Nd5
1-0

[Event "Championnat de France Cadet"]
[Site "CALVI"]
[Date "????.??.??"]
[Round "3.10"]
[White "Baeumlin, Francois"]
[Black "Le Goff, Damien"]
[Result "1-0"]
[WhiteElo "1996"]
[BlackElo "2122"]
[PlyCount "87"]
[EventDate "2005.??.??"]
[SourceDate "2005.04.17"]

1. e4 g6 2. d4 Bg7 3. Nc3 c5 4. Be3 cxd4 5. Bxd4 Nf6 6. Nf3 O-O 7. Qd2 Nc6 8.
Be3 Qa5 9. Bd3 d6 10. h3 Bd7 11. O-O Rfc8 12. a3 Qd8 13. Rad1 Rab8 14. Rfe1 a6
15. Bc4 Qc7 16. Ba2 b5 17. Bg5 Be6 18. Nd5 Bxd5 19. Bxd5 Nxd5 20. exd5 Ne5 21.
Nxe5 dxe5 22. c3 Qd6 23. Bh4 Rc5 24. b4 Rc4 25. Bg3 Rd8 26. Re2 f6 27. Qe3 Rdc8
28. Rd3 a5 29. Ra2 Qc7 30. bxa5 Qxa5 31. Rc2 Qxa3 32. Qb6 b4 33. Qe6+ Kh8 34.
Qxe7 Qa1+ 35. Kh2 b3 36. d6 bxc2 37. d7 Rg8 38. d8=Q h5 39. Qxg8+ Kxg8 40. Rd7
Qg1+ 41. Kxg1 c1=Q+ 42. Kh2 Qh6 43. Qf7+ Kh7 44. Qxc4 1-0

[Event "Championnat de France Cadet"]
[Site "CALVI"]
[Date "????.??.??"]
[Round "4.1"]
[White "Netzer, Jean"]
[Black "Pile, Richard"]
[Result "1/2-1/2"]
[WhiteElo "2384"]
[BlackElo "2259"]
[PlyCount "42"]
[EventDate "2005.??.??"]
[SourceDate "2005.04.17"]

1. e4 c5 2. Nf3 Nc6 3. d4 cxd4 4. Nxd4 e6 5. Nc3 Qc7 6. Be3 a6 7. Qd2 Nf6 8.
O-O-O Bb4 9. f3 Ne5 10. Qe1 Bxc3 11. Qxc3 Qxc3 12. bxc3 d5 13. exd5 Nxd5 14.
Bd2 b5 15. Nb3 Nb6 16. Na5 Nec4 17. Nxc4 Nxc4 18. Bxc4 bxc4 19. Bf4 Bb7 20. Rd6
O-O 21. Kd2 Bd5 1/2-1/2

[Event "Championnat de France Cadet"]
[Site "CALVI"]
[Date "????.??.??"]
[Round "4.2"]
[White "Entem, Alan"]
[Black "Delorme, Alban"]
[Result "1/2-1/2"]
[WhiteElo "2088"]
[BlackElo "2263"]
[PlyCount "66"]
[EventDate "2005.??.??"]
[SourceDate "2005.04.17"]

1. e4 c5 2. Nf3 Nc6 3. d4 cxd4 4. Nxd4 Nf6 5. Nc3 d6 6. Bg5 Bd7 7. Qd2 Nxd4 8.
Qxd4 Qa5 9. f4 e6 10. Be2 Be7 11. Bf3 h6 12. Bh4 Nxe4 13. Bxe7 Nxc3 14. Bxd6
Nb5+ 15. Qb4 Qxb4+ 16. Bxb4 Nd4 17. O-O-O Nxf3 18. gxf3 Bc6 19. Rd3 a5 20. Bc5
Rc8 21. Bb6 a4 22. Rg1 O-O 23. Bd4 f6 24. Bc3 Kf7 25. a3 Rfd8 26. Rgd1 Rxd3 27.
Rxd3 Kg6 28. Kd2 Kf5 29. Ke3 g5 30. Rd4 h5 31. fxg5 fxg5 32. Rc4 Rf8 33. f4 g4
1/2-1/2

[Event "Championnat de France Cadet"]
[Site "CALVI"]
[Date "????.??.??"]
[Round "4.3"]
[White "Chau, Olivier"]
[Black "Le Gros, Cedric"]
[Result "1-0"]
[WhiteElo "2186"]
[BlackElo "2030"]
[PlyCount "91"]
[EventDate "2005.??.??"]
[SourceDate "2005.04.17"]

1. e4 c5 2. Nf3 d6 3. d4 cxd4 4. Nxd4 Nf6 5. Nc3 a6 6. Be2 e5 7. Nb3 Be7 8. O-O
b5 9. a3 Bb7 10. Qd3 Nbd7 11. f4 O-O 12. Bf3 Rc8 13. Be3 Qc7 14. Rad1 Rfd8 15.
Qe2 Nb6 16. Na5 Ba8 17. Qf2 Nc4 18. Nxc4 Qxc4 19. Rfe1 Re8 20. Bc1 Qc7 21. Kh1
Bc6 22. f5 a5 23. g4 b4 24. axb4 axb4 25. Nb1 Qb7 26. Qg2 Nd7 27. g5 g6 28. f6
Bf8 29. Be3 Nb6 30. Bxb6 Qxb6 31. Nd2 Bb7 32. Nf1 Rc5 33. Ne3 Rec8 34. Rd2 d5
35. exd5 Bd6 36. Be4 Qa5 37. Qh3 R8c7 38. Qg2 Qa2 39. b3 Ba6 40. h4 Bb5 41. h5
Qb2 42. hxg6 fxg6 43. c4 Qxb3 44. cxb5 Rc1 45. Rde2 R7c3 46. Qh3 1-0

[Event "Championnat de France Cadet"]
[Site "CALVI"]
[Date "????.??.??"]
[Round "4.4"]
[White "Adam, Etienne"]
[Black "Platel, Alexandre"]
[Result "1/2-1/2"]
[WhiteElo "2043"]
[BlackElo "2149"]
[PlyCount "49"]
[EventDate "2005.??.??"]
[SourceDate "2005.04.17"]

1. e4 e5 2. Bc4 Nc6 3. Nf3 Bc5 4. O-O Nf6 5. d3 h6 6. c3 Bb6 7. Nbd2 O-O 8. a4
a5 9. Bb3 Re8 10. Nc4 Ba7 11. Be3 Bxe3 12. Nxe3 d6 13. h3 Ne7 14. Kh1 Ng6 15.
Ng1 c6 16. Ne2 d5 17. exd5 cxd5 18. d4 e4 19. c4 Be6 20. Rc1 dxc4 21. Bxc4 Bxc4
22. Rxc4 Rc8 23. Rxc8 Qxc8 24. Qb3 Qb8 25. Qb6 1/2-1/2

[Event "Championnat de France Cadet"]
[Site "CALVI"]
[Date "????.??.??"]
[Round "4.5"]
[White "Franck, Boris"]
[Black "Garro, Pierre"]
[Result "1-0"]
[WhiteElo "1998"]
[BlackElo "2124"]
[PlyCount "79"]
[EventDate "2005.??.??"]
[SourceDate "2005.04.17"]

1. e4 c5 2. c3 Nf6 3. e5 Nd5 4. d4 cxd4 5. Nf3 Nc6 6. cxd4 d6 7. Bc4 Nb6 8. Bb5
dxe5 9. Nxe5 Bd7 10. Nxd7 Qxd7 11. Nc3 Rd8 12. Be3 a6 13. Bxc6 Qxc6 14. O-O g6
15. Qb3 Bg7 16. Rfd1 Nd5 17. Na4 b5 18. Nc5 O-O 19. a4 b4 20. Rac1 Qb6 21. Qc4
a5 22. Nb3 Nxe3 23. fxe3 e5 24. Qc5 Qe6 25. d5 Qa6 26. Nxa5 Qe2 27. Nc6 Rd7 28.
Nxb4 Qxb2 29. d6 Bh6 30. Nd5 e4 31. Rc2 Qb3 32. Qc3 Qxc3 33. Rxc3 Bg5 34. Nb6
Ra7 35. d7 Ra6 36. Rd6 Rd8 37. Kf2 Kf8 38. Rc8 Ra7 39. Rdc6 Rb7 40. a5 1-0

[Event "Championnat de France Cadet"]
[Site "CALVI"]
[Date "????.??.??"]
[Round "4.6"]
[White "Huang, Hao"]
[Black "Achereiner, Guillaume"]
[Result "1-0"]
[WhiteElo "2091"]
[BlackElo "2036"]
[PlyCount "51"]
[EventDate "2005.??.??"]
[SourceDate "2005.04.17"]

1. e4 e6 2. d4 d5 3. Nd2 Nf6 4. e5 Nfd7 5. Bd3 c5 6. c3 Nc6 7. Ne2 Qb6 8. Nf3
c4 9. Bc2 Be7 10. Nf4 g6 11. h4 Qd8 12. Kf1 b5 13. Ng5 Bxg5 14. hxg5 Nf8 15. g3
a5 16. Ng2 Ba6 17. Ne3 Qb6 18. Ng4 O-O-O 19. Kg2 b4 20. Nh6 Rd7 21. Qf3 f5 22.
gxf6 Nd8 23. f7 Qb7 24. Qf6 Nxf7 25. Nxf7 Rxf7 26. Qxh8 1-0

[Event "Championnat de France Cadet"]
[Site "CALVI"]
[Date "????.??.??"]
[Round "4.7"]
[White "Bouhana, Paul-Alexandre"]
[Black "Bailet, Pierre"]
[Result "1-0"]
[WhiteElo "1994"]
[BlackElo "2090"]
[PlyCount "71"]
[EventDate "2005.??.??"]
[SourceDate "2005.04.17"]

1. d4 Nf6 2. Nf3 e6 3. Bf4 c5 4. c3 Nc6 5. e3 Be7 6. h3 O-O 7. Bd3 d5 8. O-O b6
9. Nbd2 Bb7 10. Rc1 h6 11. Ne5 Nxe5 12. Bxe5 Bd6 13. Nf3 Qe7 14. Bxd6 Qxd6 15.
Ne5 Nd7 16. f4 Nxe5 17. dxe5 Qd7 18. Qh5 d4 19. Rcd1 c4 20. Bxc4 Qc6 21. Qe2
dxe3 22. Rd6 Qc7 23. Rfd1 Rad8 24. Bb5 Rxd6 25. Rxd6 Rd8 26. Qd3 Rxd6 27. exd6
Qd8 28. c4 g5 29. f5 exf5 30. b4 g4 31. c5 bxc5 32. bxc5 f4 33. hxg4 Bxg2 34.
Kxg2 Qg5 35. Kf3 Qh4 36. d7 1-0

[Event "Championnat de France Cadet"]
[Site "CALVI"]
[Date "????.??.??"]
[Round "4.8"]
[White "Soyez, Cyril"]
[Black "Baeumlin, Francois"]
[Result "1/2-1/2"]
[WhiteElo "2189"]
[BlackElo "1996"]
[PlyCount "32"]
[EventDate "2005.??.??"]
[SourceDate "2005.04.17"]

1. c4 Nf6 2. g3 c6 3. Bg2 d5 4. Nf3 Bg4 5. O-O Bxf3 6. Bxf3 e6 7. Qb3 Qd7 8.
cxd5 cxd5 9. d4 Nc6 10. Rd1 Rc8 11. Nc3 Na5 12. Qa4 Qxa4 13. Nxa4 Be7 14. Bf4
O-O 15. Rac1 Nc4 16. b3 Nd6 1/2-1/2

[Event "Championnat de France Cadet"]
[Site "CALVI"]
[Date "????.??.??"]
[Round "4.9"]
[White "Perrot, Pierre"]
[Black "Pieroni, Guillaume"]
[Result "1/2-1/2"]
[WhiteElo "1999"]
[BlackElo "2109"]
[PlyCount "43"]
[EventDate "2005.??.??"]
[SourceDate "2005.04.17"]

1. d4 e6 2. c4 Nf6 3. Nf3 b6 4. a3 Bb7 5. Nc3 Be7 6. d5 d6 7. e4 e5 8. Be2 Nbd7
9. b4 a5 10. Bg5 h6 11. Bxf6 Bxf6 12. Nd2 Nf8 13. Nb3 axb4 14. axb4 g5 15. c5
Qb8 16. c6 Rxa1 17. Qxa1 Bc8 18. Nb5 Ng6 19. Qa8 Qxa8 20. Nxc7+ Ke7 21. Nxa8
Bh3 22. Nxb6 1/2-1/2

[Event "Championnat de France Cadet"]
[Site "CALVI"]
[Date "????.??.??"]
[Round "4.10"]
[White "Pierre, Timothee"]
[Black "Brailly-Vignal, Bastien"]
[Result "1/2-1/2"]
[WhiteElo "1994"]
[BlackElo "2080"]
[PlyCount "71"]
[EventDate "2005.??.??"]
[SourceDate "2005.04.17"]

1. e4 e5 2. Nf3 Nc6 3. Bc4 Nf6 4. Nc3 Be7 5. d3 d6 6. h3 O-O 7. Be3 Na5 8. Bb3
Nxb3 9. axb3 a6 10. O-O h6 11. Qd2 Nh7 12. d4 f5 13. dxe5 fxe4 14. Qd5+ Kh8 15.
Qxe4 c6 16. exd6 Qxd6 17. Nh4 Bxh4 18. Qxh4 Bf5 19. Qh5 Qf6 20. Rac1 Rad8 21.
Rfd1 Rxd1+ 22. Nxd1 Qe6 23. b4 Nf6 24. Qf3 Nd7 25. Bc5 Nxc5 26. bxc5 Qe1+ 27.
Kh2 Qe5+ 28. Qg3 Qxc5 29. Ne3 Be6 30. Kg1 Kh7 31. Rd1 Qe7 32. b3 Qf7 33. Rd2 a5
34. Qe5 Ra8 35. Qe4+ Kh8 36. Qe5 1/2-1/2

[Event "Championnat de France Cadette"]
[Site "CALVI"]
[Date "????.??.??"]
[Round "4.1"]
[White "Cochet, Caroline"]
[Black "Choisy, Mathilde"]
[Result "0-1"]
[WhiteElo "2086"]
[BlackElo "2079"]
[PlyCount "86"]
[EventDate "2005.??.??"]
[SourceDate "2005.04.17"]

1. e4 c5 2. Nc3 e6 3. Nf3 a6 4. d4 cxd4 5. Nxd4 Qc7 6. Be2 Nf6 7. O-O b5 8. f4
b4 9. e5 bxc3 10. exf6 gxf6 11. Bf3 Bb7 12. Rb1 cxb2 13. Bxb2 Be7 14. Bxb7 Qxb7
15. Kh1 Rg8 16. Qd2 Nc6 17. Ba3 Qc7 18. Nxc6 Qxc6 19. Bxe7 Kxe7 20. Qb4+ Qd6
21. Qxd6+ Kxd6 22. Rfd1+ Ke7 23. Rb7 Rgd8 24. Kg1 Rac8 25. Rd2 Rc4 26. g3 Ke8
27. Ra7 Ra4 28. c4 Rxc4 29. Rxa6 d5 30. Kf2 Rdc8 31. a4 Ke7 32. a5 Rc2 33. Ke2
e5 34. f5 d4 35. Rb6 R2c6 36. Rdb2 Kd6 37. a6 Ra8 38. Rb7 Rcxa6 39. Rxf7 Kd5
40. Re7 Ke4 41. g4 Kf4 42. h3 e4 43. Kf2 Ra3 0-1

[Event "Championnat de France Cadette"]
[Site "CALVI"]
[Date "????.??.??"]
[Round "4.2"]
[White "Marchadour, Emilie"]
[Black "Bolon, Karelle"]
[Result "1-0"]
[WhiteElo "2018"]
[BlackElo "2042"]
[PlyCount "81"]
[EventDate "2005.??.??"]
[SourceDate "2005.04.17"]

1. e4 c5 2. Nf3 e6 3. d4 cxd4 4. Nxd4 a6 5. Nc3 b5 6. Bd3 Qb6 7. Nb3 Qc7 8. O-O
Bb7 9. f4 d6 10. Be3 Nf6 11. a3 Be7 12. Qe1 Nbd7 13. Qg3 g6 14. Kh1 h5 15. h3
h4 16. Qf2 Nh5 17. Ne2 Ndf6 18. Nd2 d5 19. exd5 Nxd5 20. Bd4 Rg8 21. Be5 Qd7
22. Be4 f6 23. Bxd5 Qxd5 24. Bc3 Bc5 25. Qf3 Qd7 26. Ne4 Qc7 27. Bxf6 Nxf6 28.
Nxf6+ Kf7 29. Ne4 Ke7 30. N2c3 Raf8 31. Qg4 Bd4 32. Qxh4+ Ke8 33. Rad1 Qb6 34.
Rfe1 Rf5 35. Qh7 Rg7 36. Qh8+ Ke7 37. Qh4+ Kf8 38. Ng5 Rf6 39. Nce4 Bd5 40.
Nxf6 Bxf6 41. Qh8+ 1-0

[Event "Championnat de France Cadette"]
[Site "CALVI"]
[Date "????.??.??"]
[Round "4.3"]
[White "Magnin, Segolene"]
[Black "Maupin, Valerie"]
[Result "0-1"]
[WhiteElo "1900"]
[BlackElo "2012"]
[PlyCount "132"]
[EventDate "2005.??.??"]
[SourceDate "2005.04.17"]

1. b4 d5 2. Bb2 Nf6 3. e3 c6 4. f4 e6 5. a3 a5 6. b5 cxb5 7. Bxb5+ Bd7 8. Qe2
Ne4 9. Nf3 Qb6 10. a4 Qc7 11. c4 Bxb5 12. cxb5 Qc2 13. d3 Bb4+ 14. Kf1 Nd2+ 15.
Nbxd2 Qxb2 16. Kf2 Qf6 17. Nb3 Nd7 18. Rhc1 O-O 19. d4 Bd6 20. Nc5 Nxc5 21.
dxc5 Bxc5 22. Ra2 Bd6 23. Qd3 Rfc8 24. Rac2 Qd8 25. g3 Rxc2+ 26. Qxc2 Ba3 27.
Rd1 Rc8 28. Qd3 Bb4 29. Ne5 Rc3 30. Qd4 Qc7 31. Nd3 Rc4 32. Qa1 f6 33. h3 Kf7
34. Kf3 b6 35. Rc1 h6 36. g4 g5 37. fxg5 hxg5 38. Rf1 Rc2 39. Rf2 Rxf2+ 40.
Nxf2 Qc4 41. Qd4 Qc7 42. Qd3 Kg7 43. Qd4 Bc5 44. Qd2 Qh2 45. Qd1 Qe5 46. Qd2
Qh2 47. Qd1 d4 48. exd4 Qf4+ 49. Kg2 Bxd4 50. Qf3 Qxf3+ 51. Kxf3 Bxf2 52. Kxf2
f5 53. Kf3 Kf6 54. Ke3 fxg4 55. hxg4 Ke5 56. Kd3 Kf4 57. Kd4 e5+ 58. Kd5 e4 59.
Kc6 e3 60. Kxb6 e2 61. Kxa5 e1=Q+ 62. Ka6 Qe8 63. a5 Ke5 64. b6 Kd6 65. Ka7 Qb5
66. a6 Kc6 0-1

[Event "Championnat de France Cadette"]
[Site "CALVI"]
[Date "????.??.??"]
[Round "4.4"]
[White "Bermond, Stephanie"]
[Black "Plessis, Laura"]
[Result "1/2-1/2"]
[WhiteElo "2006"]
[BlackElo "1898"]
[PlyCount "41"]
[EventDate "2005.??.??"]
[SourceDate "2005.04.17"]

1. c4 g6 2. Nc3 Bg7 3. Nf3 c6 4. d4 d5 5. Bf4 Nf6 6. e3 O-O 7. Bd3 Nbd7 8. O-O
dxc4 9. Bxc4 Nb6 10. Bb3 Kh8 11. h3 Bf5 12. Re1 Ne4 13. Nd2 Nxc3 14. bxc3 Nd5
15. Bxd5 cxd5 16. c4 dxc4 17. Nxc4 Be6 18. Ne5 Rc8 19. Qa4 a6 20. Rab1 Bxe5 21.
Bxe5+ 1/2-1/2

[Event "Championnat de France Cadette"]
[Site "CALVI"]
[Date "????.??.??"]
[Round "4.5"]
[White "Tissot, Alice"]
[Black "Rasse, Charlotte"]
[Result "1/2-1/2"]
[WhiteElo "1859"]
[BlackElo "1995"]
[PlyCount "41"]
[EventDate "2005.??.??"]
[SourceDate "2005.04.17"]

1. e4 d5 2. exd5 Qxd5 3. Nc3 Qa5 4. d4 c6 5. Nf3 Nf6 6. Bd2 Qc7 7. Bc4 Bf5 8.
Ne5 e6 9. g4 Be4 10. Nxe4 Nxe4 11. Qe2 Nxd2 12. Qxd2 Bd6 13. O-O-O Nd7 14. f4
O-O-O 15. Qf2 Nb6 16. Bb3 Rhf8 17. Kb1 Nd7 18. Rhe1 Kb8 19. h3 Bb4 20. c3 Ba5
21. Bc2 1/2-1/2

[Event "Championnat de France Cadette"]
[Site "CALVI"]
[Date "????.??.??"]
[Round "4.6"]
[White "Cloarec, Audrey"]
[Black "Labatut, Tifany"]
[Result "1/2-1/2"]
[WhiteElo "1902"]
[BlackElo "1580"]
[PlyCount "64"]
[EventDate "2005.??.??"]
[SourceDate "2005.04.17"]

1. e4 e6 2. d3 d5 3. Nc3 c5 4. g3 Nf6 5. Bg5 d4 6. Nce2 h6 7. Bd2 Nc6 8. Bg2 e5
9. f4 Bg4 10. Nf3 Qc7 11. O-O Bd6 12. Qe1 O-O 13. f5 Qb6 14. Qc1 Bxf3 15. Bxf3
h5 16. Bg5 c4 17. Bxf6 cxd3 18. cxd3 gxf6 19. Bxh5 Nb4 20. Qd2 Rac8 21. a3 Nc2
22. Qh6 Bb8 23. Rac1 Ne3 24. Rxc8 Rxc8 25. Rb1 Rc2 26. Kf2 Qa6 27. Bxf7+ Kxf7
28. Qh7+ Ke8 29. Qg8+ Kd7 30. Qf7+ Kc8 31. Qe8+ Kc7 32. Qe7+ Kc8 1/2-1/2

[Event "Championnat de France Cadette"]
[Site "CALVI"]
[Date "????.??.??"]
[Round "4.8"]
[White "Hamsany, Marie"]
[Black "Michel, Isabelle"]
[Result "1-0"]
[WhiteElo "1940"]
[BlackElo "1530"]
[PlyCount "117"]
[EventDate "2005.??.??"]
[SourceDate "2005.04.17"]

1. e4 e5 2. Nf3 Nc6 3. Bc4 Bc5 4. c3 Nf6 5. d3 d6 6. Bb3 Bg4 7. h3 Bh5 8. Be3
Bxe3 9. fxe3 O-O 10. Bc2 Re8 11. c4 Nb4 12. Ba4 Re7 13. a3 Na6 14. O-O c6 15.
b4 Qb6 16. Qe1 Rd8 17. Nh4 d5 18. Nf5 Re6 19. exd5 cxd5 20. c5 Qc7 21. Bb3 Qc6
22. Nc3 Nc7 23. Qd2 Nfe8 24. Qe1 Bg6 25. e4 Nf6 26. g4 h6 27. Nd6 Re7 28. Nf5
Bxf5 29. gxf5 d4 30. Ne2 b6 31. Rc1 Nd7 32. cxb6 Qxb6 33. Qh4 Nf6 34. Bc4 Nb5
35. Ra1 Nc3 36. Qe1 Nxe2+ 37. Qxe2 Rd6 38. Qd1 Nd7 39. Kh2 Kh8 40. Qh5 Rf6 41.
Rg1 Kh7 42. Rg2 Nf8 43. Rag1 g6 44. Qh4 Rc7 45. Qg3 Qd6 46. h4 h5 47. Qf3 Kh8
48. Rg3 Kh7 49. Rg5 Kh6 50. Qg2 Nh7 51. Qd2 Nxg5 52. hxg5+ Kh7 53. gxf6 Qxf6
54. Qf2 g5 55. Qg3 g4 56. Kg2 Re7 57. Rh1 Qg5 58. Qf2 f6 59. a4 1-0

[Event "Championnat de France Cadette"]
[Site "CALVI"]
[Date "????.??.??"]
[Round "4.9"]
[White "Desanlis, Anne-Sophie"]
[Black "Lemiere, Lise"]
[Result "1-0"]
[WhiteElo "1854"]
[BlackElo "1420"]
[PlyCount "63"]
[EventDate "2005.??.??"]
[SourceDate "2005.04.17"]

1. c4 e5 2. g3 Nc6 3. Bg2 Bc5 4. Nc3 Nf6 5. a3 Ng4 6. e3 O-O 7. Qxg4 d6 8. Qe2
Be6 9. b4 Bb6 10. d3 a6 11. Nf3 Qf6 12. Bb2 a5 13. b5 Ne7 14. O-O c6 15. Ne4
Qg6 16. Nh4 Qh6 17. Nxd6 f6 18. Nxb7 cxb5 19. cxb5 Rac8 20. Nd6 Rc7 21. Rac1
Rd7 22. Nc4 Ba7 23. Nxa5 Rfd8 24. d4 exd4 25. exd4 Bb6 26. Qxe6+ Kh8 27. Qxb6
Nd5 28. Bxd5 Rxd5 29. Rc5 R5d6 30. Nc6 R8d7 31. Qb8+ Rd8 32. Nxd8 1-0

[Event "Championnat de France Cadette"]
[Site "CALVI"]
[Date "????.??.??"]
[Round "4.10"]
[White "Boulfaf, Amel"]
[Black "Bacon, Julie"]
[Result "1-0"]
[WhiteElo "1540"]
[BlackElo "1680"]
[PlyCount "57"]
[EventDate "2005.??.??"]
[SourceDate "2005.04.17"]

1. e4 c5 2. Nf3 e6 3. d4 cxd4 4. Nxd4 a6 5. Nc3 Qc7 6. Bd3 Nc6 7. Be3 Nf6 8.
Qd2 Be7 9. f4 d6 10. h3 Nxd4 11. Bxd4 e5 12. fxe5 dxe5 13. Be3 O-O 14. g4 Be6
15. Qe2 b5 16. g5 Nd7 17. h4 Nb6 18. Qg2 Kh8 19. h5 g6 20. hxg6 fxg6 21. Qh2
Rf7 22. Bxb6 Qxb6 23. Qxe5+ Kg8 24. O-O-O Rc8 25. Kb1 Rc5 26. Nd5 Bxd5 27. exd5
Qd8 28. Bxg6 Rg7 29. Bxh7+ 1-0

[Event "Championnat de France Cadet"]
[Site "CALVI"]
[Date "2005.??.??"]
[Round "5.1"]
[White "Huang, Hao"]
[Black "Netzer, Jean"]
[Result "1/2-1/2"]
[WhiteElo "2091"]
[BlackElo "2384"]
[PlyCount "83"]
[EventDate "2005.??.??"]
[SourceDate "2005.04.17"]

1. e4 c5 2. Nf3 Nc6 3. d4 cxd4 4. Nxd4 e5 5. Nb5 d6 6. c4 Be7 7. Bd3 a6 8. N5c3
Bg5 9. Nd5 Bxc1 10. Qxc1 Be6 11. Nbc3 Nge7 12. O-O O-O 13. Kh1 Rb8 14. Ne3 Nd4
15. Qd2 Qd7 16. b3 Rfc8 17. Ne2 Nec6 18. Nxd4 Nxd4 19. f4 f6 20. f5 Bf7 21.
Rac1 b5 22. Nd5 Bxd5 23. cxd5 Rxc1 24. Rxc1 Rc8 25. h3 Rc7 26. Kh2 Qc8 27. Rxc7
Qxc7 28. Qb2 g6 29. fxg6 hxg6 30. a4 bxa4 31. bxa4 a5 32. Be2 Kg7 33. Bg4 f5
34. exf5 gxf5 35. Bh5 Kh6 36. Be8 f4 37. Qd2 Qe7 38. Bb5 Qg5 39. Qf2 Kg7 40.
Bd3 Kf8 41. Be4 Ke7 42. Qe1 1/2-1/2

[Event "Championnat de France Cadet"]
[Site "CALVI"]
[Date "2005.??.??"]
[Round "5.2"]
[White "Pile, Richard"]
[Black "Entem, Alan"]
[Result "1-0"]
[WhiteElo "2259"]
[BlackElo "2088"]
[PlyCount "47"]
[EventDate "2005.??.??"]
[SourceDate "2005.04.17"]

1. e4 c5 2. Nf3 d6 3. Bb5+ Bd7 4. Bxd7+ Qxd7 5. c4 Nc6 6. d4 cxd4 7. Nxd4 Nf6
8. Nc3 g6 9. f3 Bg7 10. Be3 O-O 11. O-O Rfc8 12. Nde2 Rab8 13. Rc1 Qd8 14. b3
Qa5 15. Qd2 a6 16. a4 Qb4 17. Rb1 Kf8 18. Rfc1 Ne5 19. h3 Nfd7 20. Nd4 Nc5 21.
Nc2 Qxb3 22. Bxc5 Qxc4 23. Ba7 Ra8 24. Ne3 1-0

[Event "Championnat de France Cadet"]
[Site "CALVI"]
[Date "2005.??.??"]
[Round "5.3"]
[White "Franck, Boris"]
[Black "Chau, Olivier"]
[Result "0-1"]
[WhiteElo "1998"]
[BlackElo "2186"]
[PlyCount "82"]
[EventDate "2005.??.??"]
[SourceDate "2005.04.17"]

1. e4 e5 2. Nf3 Nc6 3. Bc4 Bc5 4. c3 Nf6 5. d3 a6 6. Bb3 d6 7. h3 Ba7 8. Nbd2
O-O 9. Nf1 Ne7 10. Ng3 Ng6 11. O-O c6 12. d4 h6 13. Qd3 Be6 14. Bxe6 fxe6 15.
dxe5 Nxe5 16. Nxe5 dxe5 17. Qc4 Qe8 18. Qe2 Qg6 19. Be3 Bxe3 20. Qxe3 Nh7 21.
Rad1 Rf7 22. Qc5 Qg5 23. a4 h5 24. h4 Qf4 25. Qd6 Re8 26. Rd3 Nf6 27. Rf3 Qxh4
28. Qxe5 g6 29. Qf4 Qxf4 30. Rxf4 e5 31. Rh4 Rd7 32. f4 exf4 33. Rhxf4 Ng4 34.
Nh1 Rd2 35. Nf2 Ne5 36. Nd1 Red8 37. Ne3 Rxb2 38. g4 Re2 39. Ng2 hxg4 40. R4f2
Nf3+ 41. Kh1 Rxf2 0-1